| 000 | 01495nam a22003977a 4500 | ||
|---|---|---|---|
| 003 | EG-ScBUE | ||
| 005 | 20211024100244.0 | ||
| 008 | 200219t2019 mauab f bd 001 0 eng d | ||
| 020 | _a9781337560443 | ||
| 020 | _a1337560448 | ||
| 040 |
_aEG-ScBUE _beng _erda _cEG-ScBUE _dEG-ScBUE |
||
| 082 | 0 | 4 |
_a320.3 _bINT _222 |
| 245 | 0 | 0 |
_aIntroduction to comparative politics : _bpolitical challenges and changing agendas / _c[edited by] Mark Kesselman, Columbia University, Joel Krieger, Wellesley College, William A. Joseph, Wellesley College. |
| 246 | 3 | 0 | _aComparative politics |
| 250 | _aEighth edition. | ||
| 264 | 1 |
_aBoston, MA : _bCengage Learning, Inc., _c[2019] |
|
| 264 | 4 | _cc2019 | |
| 300 |
_axxviii, 740 pages : _billustrations (some color), maps (some color) ; _c26 cm |
||
| 336 |
_atext _btxt _2rdacontent |
||
| 337 |
_aunmediated _bn _2rdamedia |
||
| 338 |
_avolume _bnc _2rdacarrier |
||
| 500 | _aIncludes glossary. | ||
| 504 | _aIncludes bibliographical references and index. | ||
| 521 | 2 | _aGrades 9-12. | |
| 650 | 7 |
_aComparative government _vTextbooks. _2BUEsh |
|
| 650 | 7 |
_aComparative economics _vTextbooks. _2BUEsh |
|
| 653 |
_bBUSBOL _cOctober2021 |
||
| 655 |
_vReading book _934232 |
||
| 700 | 1 |
_aKesselman, Mark, _eeditor. |
|
| 700 | 1 |
_aKrieger, Joel, _d1951- _eeditor. |
|
| 700 | 1 |
_aJoseph, William A. _eeditor. |
|
| 906 |
_a7 _bcbc _corignew _d3 _eepcn _f20 _gy-gencatlg |
||
| 942 |
_2ddc _cBB |
||
| 999 |
_c29607 _d29578 |
||